000 00649nam a22002057a 4500
999 _c11400
_d11400
003 AR-CdUCM
008 190403b ||||| |||| 00| 0 spa d
040 _aMUNICIPALIDAD PROVINCIAL DEL CUSCO
_cBIBLIOTECA MUNICIPAL DEL CUSCO
082 _aEP / 974.014 /
_bL83
100 _aLopez Castro, Rafael
_94732
245 _aEscenas de la conquista /
260 _aMéxico :
_bEdic.El Ermitaño
_c1984.
300 _bIlustraciones,
_c28 cm.
505 _aContenido :Conquista de la cuidad de Tlaxcala /
650 _aHistoria
_9136
650 _aEducación primaria
_91561
700 _aFelipe Garrido
_928744
942 _2ddc
_cLIBROS
945 _arjall